00510nam a22001577a 450000500170000000800410001702000150005805000250007310000330009824500970013126000440022830000200027252100080029254600100030065000420031020140310183636.0131127b xxu||||| |||| 00| 0 eng d a9718974016 aLB 1705 b.P191 1996 aSan Jose Pañgan, Marina T. aReviewer For Professional Board Examination For Teachers(PBET)/cMarina T. San Jose Pañgan aQuezon City :b M.T.S.J. Pangan,c1996. a92 p. :c28 cm. aEDU aC4281 aNational Teachers Examination (PBET).